Una experiencia innovadora de Educación Rural.
| Main Author: | |
|---|---|
| Format: | Section = Libro |
| Language: | Undetermined Spanish |
| Published: |
Managua
UCA/IDEUCA
2002
|
| Subjects: |
| LEADER | 00606nam a2200193Ia 4500 | ||
|---|---|---|---|
| 008 | 240829s9999 xx 000 0 und d | ||
| 040 | |a BIBLIOTECA-RUSB/ Ref 370 L938 | ||
| 041 | |a spa | ||
| 082 | |a Ref 370 L938 | ||
| 100 | 1 | |a Lucio Gil, Rafael | |
| 245 | 1 | 0 | |a Una experiencia innovadora de Educación Rural. |
| 260 | |a Managua |b UCA/IDEUCA |c 2002 | ||
| 300 | |a 307 p. :il. | ||
| 650 | 7 | |a EDUCACION - RURAL - RUMA - LA DALIA | |
| 650 | 7 | |b EDUCACION RURAL - ESTRATEGIA METODOLOGICA | |
| 650 | 7 | |c EXPERIENCIA EDUCATIVA - TUMA LA DALIA. Sáenz Montenegro, Jacinta | |
| 942 | |c BK |2 ddc | ||
| 991 | |a TEXTO | ||
| 999 | |c 5927 | ||